Ekonomické porovnanie elektromobilov a automobilov bakalárska práca

Saved in:
Bibliographic Details
Main Author: Kúdela, Ronald
Corporate Author: Obchodná fakulta EU. Katedra marketingu
Other Authors: Belička, Peter
Format: Book
Language:Slovak
Published: Bratislava 2018
Tags: Add Tag
No Tags, Be the first to tag this record!

MARC

LEADER 00000nbm a2200000 4500
001 0245028
005 20180815093053.2
041 0 |a slo 
044 |a SK 
245 1 0 |a Ekonomické porovnanie elektromobilov a automobilov  |b bakalárska práca  |c Ronald Kúdela ; školiteľ: Peter Belička 
264 1 |a Bratislava  |c 2018 
300 |a 43 s. 
100 1 |a Kúdela, Ronald 
700 1 |a Belička, Peter 
710 2 |a Obchodná fakulta EU. Katedra marketingu